Statistics for Numbers 1-100 in 30 seconds: by Multiples

Click here to take the quiz!

General Stats

  • This quiz has been taken 2,761 times
  • The average score is 43 of 100

Answer Stats

NUMBER% Correct
1
100%
2
100%
3
99%
4
99%
5
99%
6
98%
8
98%
7
97%
9
97%
10
93%
11
92%
12
92%
14
88%
15
88%
16
86%
13
85%
18
84%
20
83%
25
80%
17
79%
19
78%
22
75%
23
74%
24
73%
21
72%
30
67%
26
66%
28
66%
27
64%
29
62%
33
62%
32
61%
31
60%
34
54%
40
54%
36
53%
35
51%
38
50%
37
49%
39
49%
45
49%
50
48%
44
47%
41
46%
42
45%
46
44%
43
41%
49
41%
47
40%
48
39%
55
28%
51
26%
52
26%
54
26%
53
25%
56
25%
100
24%
60
24%
57
21%
58
20%
99
20%
62
18%
66
18%
90
18%
77
17%
80
17%
88
17%
98
17%
59
16%
61
16%
63
16%
65
16%
78
16%
92
16%
64
15%
67
15%
72
15%
75
15%
70
14%
71
14%
81
14%
82
14%
84
14%
89
14%
94
14%
68
13%
73
13%
74
13%
76
13%
91
13%
93
13%
95
13%
96
13%
97
13%
69
12%
83
12%
85
12%
87
12%
79
10%
86
10%

Score Distribution

Percentile by Number Answered

Percent of People with Each Score

Your Score History

You have not taken this quiz